Healthcare Attributes of Marine Algae/ (Record no. 757037)

MARC details
000 -LEADER
fixed length control field 00377nam a22001337a 4500
020 ## - INTERNATIONAL STANDARD BOOK NUMBER
ISBN 81-969808-5-X
082 ## - DEWEY DECIMAL CLASSIFICATION NUMBER
Classification number 579.8177RAN/H
100 ## - MAIN ENTRY--AUTHOR NAME
Personal name Rani,Bina and Mohan,Lalit et al
245 ## - TITLE STATEMENT
Title Healthcare Attributes of Marine Algae/
Statement of responsibility, etc by Bina Rani and Lalit Mohan et al
260 ## - PUBLICATION, DISTRIBUTION, ETC. (IMPRINT)
Place of publication .-Newdelhi
Name of publisher :DPH
Year of publication ,2025
300 ## - PHYSICAL DESCRIPTION
Number of Pages 247p
942 ## - ADDED ENTRY ELEMENTS (KOHA)
Source of classification or shelving scheme Dewey Decimal Classification
Koha item type Book
Holdings
Withdrawn status Lost status Source of classification or shelving scheme Damaged status Not for loan Home Library Current Location Shelving location Date acquired Source of acquisition Full call number Accession Number Price effective from Koha item type
    Dewey Decimal Classification     Dept. of Aquatic Biology and Fisheries Dept. of Aquatic Biology and Fisheries General Stacks 18/02/2026 SA/4 579.8177RAN/H AQU6615 25/02/2026 Book